| 000 | 00625nam a22001937a 4500 | ||
|---|---|---|---|
| 999 |
_c165742 _d165742 |
||
| 005 | 20190628152758.0 | ||
| 010 | _aUR-10269 | ||
| 020 |
_c180.00 _a9789388356190 |
||
| 035 | _aU-8824 | ||
| 037 | _bDBAD/PUB | ||
| 082 | _a844 | ||
| 100 | _aغا ز ی يو نس | ||
| 245 |
_aميز ا ن نقد _cغا ز ی يو نس |
||
| 246 |
_bMeezan-e-Naqd (Urdu) _aby Yunus Ghazi |
||
| 260 |
_a Delhi _bEducational Publishing House _c2018 ء |
||
| 270 |
_a3191،Vakil Street,Kucha Pandit,Lal Kuan, _bDelhi _e110006 _k23216162 _l00911123211540 |
||
| 300 |
_a164ص _c22 Cm(Hb) |
||
| 942 |
_2ddc _cUR _h844 _mغ ا ز |
||